Stany USA kończące się na -a - Statystyki

Ogólne statystyki
  • Ten quiz został rozwiązany 58 razy
  • Średni wynik to 17 z 21
Statystyki odpowiedzi
Stan % Poprawnych
Alaska
90%
Alabama
88%
Dakota Północna
88%
Dakota Południowa
88%
Karolina Północna
88%
Karolina Południowa
88%
Kalifornia
87%
Wirginia
83%
Floryda
81%
Nevada
81%
Arizona
79%
Nebraska
79%
Georgia
75%
Pensylwania
75%
Luizjana
71%
Oklahoma
71%
Wirginia Zachodnia
71%
Indiana
67%
Iowa
67%
Minnesota
67%
Montana
67%
Nie znaleziono quizów pasujących do podanych kryteriów
Rozkład punktacji
Procent ludzi z każdym wynikiem
Percentyl według liczby udzielonych odpowiedzi
Twoja historia wyników
Nie rozwiązałeś tego quizu